| 000 | nam a22 a 4500 | ||
|---|---|---|---|
| 999 |
_c1803 _d1803 |
||
| 003 | AKMAL | ||
| 005 | 20170512093134.0 | ||
| 008 | 170512r1987 my 00 eng d | ||
| 020 | _a9679251306 (pbk.) | ||
| 040 |
_aAKMAL _cAKMAL |
||
| 082 | 0 | 4 |
_a340 AUN _221 |
| 090 | 2 | 0 |
_a340 _bAUN |
| 100 | 1 |
_aWu, Min Aun _93693 |
|
| 245 | 1 | 4 |
_aThe commercial law of Malaysia / _cWu Min Aun and Beatrix Vohrah |
| 260 |
_aSelangor,Malaysia : _bHeinemann Educational Books, _c1987 |
||
| 300 | 0 | 0 |
_axxii, 264p. : _bill. ; _c22cm |
| 500 | _aIncludes index | ||
| 650 |
_aCommercial law _zMalaysia _93703 |
||
| 700 | 1 |
_aVohrah, Beatrix _93726 |
|
| 942 |
_2ddc _cBOOK |
||